000 00287 a2200133 4500
001 194954
040 _cMagnum
100 _aSousa, de Maurício
240 1 0 _aTurma da Mônica
_lpor
245 1 0 _aTurma da Mônica
300 _a67
697 _aLITERATURA INFANTO-JUVENIL
942 _cBK
999 _c194954
_d194954